| Tag |
First Indicator |
Second Indicator |
Subfields |
| LEADER |
00000cam a2200000 i 4500 |
| 001 |
in00000059335 |
| 005 |
20151008051553.0 |
| 008 |
780511s1907 nyu b 00110 engmc |
| 010 |
|
|
|a e 10001624
|
| 035 |
|
|
|a (OCoLC)03886966
|
| 035 |
|
|
|9 AAG8734AM
|
| 040 |
|
|
|a Library, U. S. Bur. of Education
|c NIE
|d TXA
|d UtOrBLW
|
| 049 |
|
|
|a TXAM
|c [48079]
|
| 050 |
0 |
0 |
|a LA736
|b .R81
|
| 092 |
|
|
|a 370.943
|b R964g
|
| 100 |
1 |
|
|a Russell, James E.
|q (James Earl),
|d 1864-1945.
|
| 245 |
1 |
0 |
|a German higher schools :
|b the history, organization and methods of secondary education in Germany /
|c by James E. Russell ...
|
| 250 |
|
|
|a New ed.
|
| 264 |
|
1 |
|a New York,
|a London [etc.] :
|b Longmans, Green, and co.,
|c 1907.
|
| 300 |
|
|
|a xii, 489 pages ;
|c 21 cm.
|
| 336 |
|
|
|a text
|b txt
|2 rdacontent
|
| 337 |
|
|
|a unmediated
|b n
|2 rdamedia
|
| 338 |
|
|
|a volume
|b nc
|2 rdacarrier
|
| 500 |
|
|
|a Reprint of 2d edition.
|
| 500 |
|
|
|a Includes index.
|
| 500 |
|
|
|a "This study is concerned principally with the schools of Prussia."--Pref.
|
| 504 |
|
|
|a "General references" at end of chapters. Bibliography: pages 455-458.
|
| 650 |
|
0 |
|a Education, Secondary
|z Germany.
|
| 999 |
|
|
|a MARS
|
| 999 |
f |
f |
|s 80f1b5db-0824-3b86-8450-7641ef04578a
|i 385acf4e-508f-37cb-b285-fe586ba10645
|t 0
|
| 952 |
f |
f |
|p ric
|a Texas A&M University
|b Rellis Campus
|c Joint Library Facility
|d Remote Storage
|t 0
|e LA736 .R81
|h Library of Congress classification
|i unmediated -- volume
|m A14800826259
|
| 998 |
f |
f |
|a LA736 .R81
|t 0
|l Remote Storage
|